000 00696cam a2200205u 4500
999 _c25741
_d25741
001 7768735
003 OSt
005 20170201104756.0
008 820120s1821 it 000 0 ita
010 _a 14017451
040 _aDLC
_cCarP
_dDLC
050 0 0 _aND623.B32
_bA3 (Rare bk. coll.)
100 1 _aBasoli, Antonio. [from old catalog]
245 0 0 _aCollezione di varie scene teatrali per uso degli amatori,
260 _aBologna,
_bL'autore,
_c1821.
300 _a2 p. l., [4] p. c pl.
_c39 x 51 cm.
650 0 _aTheaters
_xStage-setting and scenery.
650 0 _aAquatint.
906 _a0
_bcbc
_cpremunv
_du
_encip
_f19
_gy-gencatlg
942 _2lcc
_cBOOKS
_hNE 1839 .B32A3 1969